Largest Land Carnivorans - Statistics

General Stats
  • This quiz has been taken 17 times
  • The average score is 8 of 15
Answer Stats
Habitat Weight (kg) Answer % Correct
Arctic 360 - 700 {Polar} Bear
100%
North America, Eurasia 270 - 635 {Brown} Bear
94%
Southern Africa 38 - 40 {Brown} Hyena
94%
China 85 - 120 Giant {Panda}
76%
North America, Eurasia 14 - 65 {Grey} Wolf
65%
Africa, India 190 - 272 {Lion}
65%
Asia 227 - 300 {Tiger}
65%
Americas 100 - 125 {Jaguar}
47%
(In the Name) 159 - 226 {American} {Black} Bear
41%
Americas 53 - 71 {Cougar}
41%
Africa, Asia 30 - 66 {Leopard}
41%
India 90 - 140 {Sloth} Bear
35%
Africa 45 - 64 {Spotted} Hyena
35%
Andes 100 - 190 {Spectacled} Bear
29%
(In the Name) 90 - 190 {Asiatic} {Black} Bear
12%
No matching quizzes found
Score Distribution
Percent of People with Each Score
Percentile by Number Answered
Your Score History
You have not taken this quiz